| 000 | 01062cam a2200325Mi 4500 | ||
|---|---|---|---|
| 001 | on1424753669 | ||
| 003 | OCoLC | ||
| 005 | 20240620195749.0 | ||
| 006 | m o d | ||
| 007 | cr ||||||||||| | ||
| 008 | 240301s2024 xx o ||| 0 eng d | ||
| 040 |
_aSFB _beng _erda _cSFB _dOCLKB _dJSTOR _dN$T |
||
| 020 |
_a9783839469187 _q(electronic bk.) |
||
| 020 |
_a383946918X _q(electronic bk.) |
||
| 035 |
_a(OCoLC)1424753669 _z(OCoLC)1424517436 |
||
| 037 |
_a22573/cats13059038 _bJSTOR |
||
| 050 | 4 | _aAZ195 | |
| 245 | 0 | 0 | _aGeographical Research in the Digital Humanities. |
| 264 | 1 |
_bBielefeld University Press _c2024. |
|
| 300 | _a1 online resource | ||
| 336 |
_atext _btxt _2rdacontent |
||
| 337 |
_acomputer _bc _2rdamedia |
||
| 338 |
_aonline resource _bcr _2rdacarrier |
||
| 506 | 0 | _5EbpS | |
| 590 |
_aJSTOR _bBooks at JSTOR Open Access |
||
| 650 | 0 |
_aDigital humanities. _0http://id.loc.gov/authorities/subjects/sh2008122106 |
|
| 856 | 4 | 0 | _uhttps://www.jstor.org/stable/10.2307/jj.13083323 |
| 942 | _cE-BOOK | ||
| 994 |
_a92 _bPHURS |
||
| 999 |
_c80634 _d80633 |
||